Historia de Nueva-España (Record no. 8748)

MARC details
000 -CABECERA
campo de control de longitud fija 00981nam a2200217 a 4500
001 - NÚMERO DE CONTROL
campo de control BRCA_9099
005 - FECHA Y HORA DE LA ÚLTIMA TRANSACCIÓN
campo de control 20190320210525.0
008 - DATOS DE LONGITUD FIJA--INFORMACIÓN GENERAL
campo de control de longitud fija 051017s2016----mx-ab#####---#000-0#spa-#
041 ## - CÓDIGO DE LENGUA
Código de lengua del texto/banda sonora o título independiente spa
044 ## - CÓDIGO DEL PAÍS DE LA ENTIDAD EDITORA/PRODUCTORA
Código MARC del país mx
050 #4 - SIGNATURA TOPOGRÁFICA DE LA BIBLIOTECA DEL CONGRESO
Número de clasificación F1230
Número de documento/Ítem .C67 2016
100 1# - ENTRADA PRINCIPAL--NOMBRE DE PERSONA
Nombre de persona Cortés, Hernán
Fechas asociadas al nombre 1485-1547
9 (RLIN) 439
245 10 - MENCIÓN DE TÍTULO
Título Historia de Nueva-España
Mención de responsabilidad, etc. escrita por su esclarecido conquistador Hernán Cortés ; aumentada con otros documentos y notas, por el ilustrísimo Señor Don Francisco Antonio Lorenzana, Arzobispo de México.
260 ## - PUBLICACIÓN, DISTRIBUCIÓN, ETC.
Lugar de publicación, distribución, etc. México
Nombre del editor, distribuidor, etc. Centro de Estudios de Historia de México Carso
Fecha de publicación, distribución, etc. 2016
300 ## - DESCRIPCIÓN FÍSICA
Extensión 1 v. (en varias paginaciones)
Otras características físicas il., 3 h. plegables
Dimensiones 27 cm.
500 ## - NOTA GENERAL
Nota general Incluye índice geográfico e índice onomástico
500 ## - NOTA GENERAL
Nota general Facsímil de : México : Imprenta del Superior Gobierno del Br. D. Joseph Antonio de Hogal, 1770
651 #4 - PUNTO DE ACCESO ADICIONAL DE MATERIA--NOMBRE GEOGRÁFICO
Nombre geográfico México
Subdivisión general Historia
Subdivisión cronológica Conquista, 1519-1540
9 (RLIN) 442
700 1# - PUNTO DE ACCESO ADICIONAL--NOMBRE DE PERSONA
Nombre de persona Lorenzana, Francisco Antonio
Fechas asociadas al nombre 1722-1804
9 (RLIN) 22473
942 ## - ELEMENTOS DE PUNTO DE ACCESO ADICIONAL (KOHA)
Fuente del sistema de clasificación o colocación Library of Congress Classification
Tipo de ítem Koha Libros
Holdings
Estado de retiro Estado de pérdida Estado dañado No para préstamo Localización permanente Ubicación/localización actual Fecha de adquisición Total de préstamos Signatura topográfica completa Código de barras Fecha visto por última vez Precio válido a partir de Tipo de ítem Koha
El ejemplar forma parte de la colección y puede ser consultado según las políticas vigentes.       Biblioteca del Museo Franz Mayer (Rogerio Casas-Alatriste) Biblioteca del Museo Franz Mayer (Rogerio Casas-Alatriste) 05/10/2017   F1230 .C67 2016 02963 22/03/2019 22/03/2019 Libros